Hijos de la luz: texto-guía 2, preparación a la confirmación y comunidad juvenil cristiana

Uloženo v:
Podrobná bibliografie
Hlavní autor: García Ahumada, Enrique (Autor)
Médium: Kniha
Jazyk:španělština
Vydáno: Santiago Oficina Nacional de Catequesis 1982
Témata:
Tagy: Přidat tag
Žádné tagy, Buďte první, kdo vytvoří štítek k tomuto záznamu!

MARC

LEADER 00000nam a2200000 a 4500
001 UCL3776
003 CL-VaPUC
008 031212e19820000CL |||||||||||||||||spa|d
082 0 4 |a 265.2  |b GAR  |2 21 
100 |a García Ahumada, Enrique  |e author  |9 600813 
245 1 0 |a Hijos de la luz: texto-guía 2, preparación a la confirmación y comunidad juvenil cristiana 
300 |a 56 p 
942 |c BK 
945 |d 20031212 00:00:00  |a vberengu 
260 |a Santiago  |b Oficina Nacional de Catequesis  |c 1982 
650 0 |a Catequesis  |9 314526 
650 0 |a Confirmación   |9 255060 
650 0 |a Sacramentos   |9 257270 
650 0 |a Libros de texto  |9 270019 
583 |a last modification  |c 20031212 00:00:00  |k Rodrigo Vera 
999 |c 306783  |d 306781 
952 |0 0  |1 0  |4 0  |6 265_200000000000000_GAR_1982  |7 0  |8 A  |9 372063  |a BIBTEO  |b BIBTEO  |d 2019-11-21  |i 2097397  |o 265.2 GAR 1982  |p 2097397  |r 2019-11-21  |w 2019-11-21  |y BK  |k ICR